000 00652nam a2200205 a 4500
005 20221025063729.0
008 021007s1999 mx r 000 0 spa d
020 _a8427122578
035 _aUPN01000119925
049 _aCG
050 4 _aBF637 I4.8
_bK4.68
100 1 _aKellner, Hedwig
245 1 1 _a¡No te enfades! :
_bresolución positiva de los conflictos : con test psicológico /
_cHedwig Kellner ; tr. Sabino Zabala.
260 _aBilbao, Esp. :
_bMensajero,
_cc1999.
300 _a303 p.
440 0 _aDesarrollo personal ;
_v8
650 2 _aConflicto (psicología)
_911587
650 4 _aCONFLICTOS INTERPERSONALES
_911594
905 _aLibro
999 _c92275
_d92275